Szczegóły MARC21

Inowrocław, Krzyżacy, a zjednoczenie Królestwa Polskiego /

005 -DATA I CZAS OSTATNIEJ MODYFIKACJI [,]
    • @
    • pole kontrolne
    • 20110915101338.0
020 -Międzynarod. znormalizowany nr książki - ISBN [ , ]
    • a
    • Numer ISBN
    • 9788361195320 Find
040 -Instytucja sporządzająca opis [ , ]
    • a
    • Instytucja, która sporządziła opis (NP)
    • SZCZ U/SA
    • c
    • Instytucja, która sporządziła rekord (NP)
    • SZCZ U/SA
    • d
    • Instytucja, która zmodyfikowała rekord (P)
    • SZCZ U/RJ
041 -Język dokumentu [0, ]
    • a
    • Język tekstu (P)
    • polski
044 -Kraj miejsca wydania [ , ]
    • a
    • Kraj miejsca wydania
    • Polska
942 -Rodzaj dokumentu [ , ]
    • c
    • Rodzaj dokumentu
    • Książka
100 -Hasło główne - nazwa osobowa [1, ]
    • 9
    • KHW
    • 26032
    • a
    • Nazwa osobowa (NP)
    • Koc, Stanisław
    • d
    • Daty biograficzne (NP)
    • (1978- ).
245 -Strefa tytułu i oznaczenia odpowiedzialności [1,0]
    • a
    • Tytuł
    • Inowrocław, Krzyżacy, a zjednoczenie Królestwa Polskiego / Find
    • c
    • Pozostałe elementy strefy tytułu i oznaczenia odpowiedzialności (NP)
    • Stanisław Koc.
260 -Strefa adresu wydawniczego [ , ]
    • a
    • Miejsce wydania (P)
    • Inowrocław :
    • b
    • Nazwa wydawcy (P)
    • [Kunke Poligrafia],
    • c
    • Data wydania (P)
    • 2010.
300 -Strefa opisu fizycznego [ , ]
    • a
    • Określenie formy książki i/lub objętość (NP)
    • 99 s. :
    • b
    • Oznaczenie ilustracji (NP)
    • il. ;
    • c
    • Format (NP)
    • 23 cm.
504 -Uwaga dot. bibliogr. załącznikowej [ , ]
    • a
    • Uwaga dot. bibliografii załącznikowej
    • Bibliogr.
080 -Uniwersalna Klasyfikacja Dziesiętna [ , ]
    • 2
    • Identyfikator wydania tablic
    • UDC-P058
    • 9
    • UKD
    • 7015
    • a
    • Symbol klasyfikacji
    • 94(438).03
    • b
    • Dopowiedzenie
    • Historia Polski. Dynastia Jagiellonów (1386-1572).
    • 4
    • UKD2
    • 12682
    • x
    • Poddział wspólny
    • "12/14"
    • c
    • Dopowiedzenie poddz. wspólnego
    • Wiek XIII/XV.
080 -Uniwersalna Klasyfikacja Dziesiętna [ , ]
    • 2
    • Identyfikator wydania tablic
    • UDC-P058
    • 9
    • UKD
    • 2651
    • a
    • Symbol klasyfikacji
    • 27-788/-789
    • b
    • Dopowiedzenie
    • Chrześcijaństwo. - Zakony. Kongregacje. Monastycyzm. Poszczególne zakony.
    • 4
    • UKD2
    • 7885
    • x
    • Poddział wspólny
    • (430)
    • c
    • Dopowiedzenie poddz. wspólnego
    • (Niemcy. Republika Federalna od 1990).
    • 4
    • UKD2
    • 12682
    • x
    • Poddział wspólny
    • "12/14"
    • c
    • Dopowiedzenie poddz. wspólnego
    • Wiek XIII/XV.
980 -Symbol UKD [ , ]
    • a
    • UKD
    • 94(438).03:27-788/-789(430)]"12/14"
920 -ISBN [ , ]
    • a
    • ISBN
    • 978-83-61195-32-0 Find
Numer inwentarzowy Status udost. Lokalizacja Data inwentaryzacji
H.194621BNS2010-05-18